000
00307nam a2200121Ia 4500
100
_a
UNIX System V /386 RELEASE 4
942
_c
BK
654
_a
ANSI C
245
_a
Programmers guide :ANSI C and programming support
260
_b
Prentice Hall of India
_a
New Delhi
_c
1992
546
_a
ENGLISH
999
_c
32153
_d
32153